00258nam a2200109Ia 4500100001900000654001300019245005500032260002800087082001300115300000800128546001200136 aTropper/ R.H.  aComputer aProgramming an Assembly Language on the IBM PC bJaico PubaBombayc1993 a5.2bPAN a648 aENGLISH